[Event "DEM U10 2021"]
[Site "Willingen GER"]
[Date "2021.08.23"]
[Round "2"]
[White "Chua, Daniel James"]
[Black "Buchinger, Alexis"]
[Result "1/2-1/2"]
[Termination "normal"]
[Board "1"]
[WhiteElo "1434"]
[BlackElo "1578"]
[WhiteClock "00:58:30"]
[BlackClock "00:53:34"]
[PlyCount "221"]
[WhiteFideId "34608354"]
[BlackFideId "16287134"]
[EventCountry "GER"]
[EventRounds "11"]
[EventType "swiss"]
[EventDate "2021.08.22"]

1. e4 {[%clk 01:15:59]} d5 {[%clk 01:15:51]} {[%emt 00:00:10]} 2. exd5 {[%clk
01:16:24]} {[%emt 00:00:04]} Qxd5 {[%clk 01:16:17]} {[%emt 00:00:04]} 3. Nc3
{[%clk 01:16:48]} {[%emt 00:00:06]} Qa5 {[%clk 01:16:43]} {[%emt 00:00:04]} 4.
d4 {[%clk 01:17:07]} {[%emt 00:00:12]} Nf6 {[%clk 01:16:42]} {[%emt 00:00:32]}
5. Bd2 {[%clk 01:17:04]} {[%emt 00:00:32]} Bg4 {[%clk 01:15:19]} {[%emt
00:01:53]} 6. f3 {[%clk 01:17:24]} {[%emt 00:00:11]} Bf5 {[%clk 01:15:20]}
{[%emt 00:00:29]} 7. g4 {[%clk 01:17:47]} {[%emt 00:00:06]} Bd7 {[%clk
01:13:21]} {[%emt 00:02:29]} 8. Bc4 {[%clk 01:16:54]} {[%emt 00:01:23]} c6
{[%clk 01:11:34]} {[%emt 00:02:17]} 9. Qe2 {[%clk 01:16:39]} {[%emt 00:00:45]}
Qb6 {[%clk 01:09:15]} {[%emt 00:02:49]} 10. O-O-O {[%clk 01:14:39]} {[%emt
00:02:28]} Qc7 {[%clk 01:02:15]} {[%emt 00:07:32]} 11. Nh3 {[%clk 01:13:24]}
{[%emt 00:01:43]} b5 {[%clk 01:01:01]} {[%emt 00:01:46]} 12. Bb3 {[%clk
01:10:11]} {[%emt 00:03:43]} a5 {[%clk 01:00:45]} {[%emt 00:00:46]} 13. a4
{[%clk 01:09:57]} {[%emt 00:00:43]} b4 {[%clk 00:55:44]} {[%emt 00:05:32]} 14.
Ne4 {[%clk 01:08:41]} {[%emt 00:01:44]} h5 {[%clk 00:54:04]} {[%emt 00:02:11]}
15. Bf4 {[%clk 01:04:36]} {[%emt 00:04:36]} Qb6 {[%clk 00:48:54]} {[%emt
00:05:37]} 16. Nd6+ {[%clk 01:04:55]} {[%emt 00:00:13]} Kd8 {[%clk 00:49:19]}
{[%emt 00:00:06]} 17. Nxf7+ {[%clk 01:05:15]} {[%emt 00:00:08]} Kc8 {[%clk
00:49:37]} {[%emt 00:00:14]} 18. Nxh8 {[%clk 01:05:22]} {[%emt 00:00:22]} hxg4
{[%clk 00:49:59]} {[%emt 00:00:09]} 19. fxg4 {[%clk 01:04:01]} {[%emt
00:01:52]} Bxg4 {[%clk 00:50:08]} {[%emt 00:00:21]} 20. Be6+ {[%clk 01:04:23]}
{[%emt 00:00:08]} Bxe6 {[%clk 00:50:34]} {[%emt 00:00:05]} 21. Qxe6+ {[%clk
01:04:48]} {[%emt 00:00:05]} Nbd7 {[%clk 00:50:55]} {[%emt 00:00:10]} 22. Ng6
{[%clk 01:04:05]} {[%emt 00:01:10]} Kb7 {[%clk 00:50:00]} {[%emt 00:01:28]} 23.
Nxf8 {[%clk 01:04:06]} {[%emt 00:00:27]} Rxf8 {[%clk 00:50:24]} {[%emt
00:00:07]} 24. Qxe7 {[%clk 01:03:22]} {[%emt 00:01:12]} Re8 {[%clk 00:50:29]}
{[%emt 00:00:27]} 25. Qxg7 {[%clk 01:02:38]} {[%emt 00:01:13]} b3 {[%clk
00:50:10]} {[%emt 00:00:49]} 26. Rde1 {[%emt 00:01:40]} Rg8 {[%clk 00:50:21]}
27. Qf7 {[%clk 01:01:12]} {[%emt 00:01:05]} bxc2 {[%clk 00:49:44]} {[%emt
00:01:08]} 28. Bg5 {[%clk 00:55:31]} {[%emt 00:06:09]} Rf8 {[%clk 00:48:33]}
{[%emt 00:01:43]} 29. Qc4 {[%emt 00:03:20]} Rc8 {[%emt 00:03:22]} 30. Bxf6
{[%emt 00:01:12]} Nxf6 {[%emt 00:00:10]} 31. Qf7+ {[%clk 00:52:09]} {[%emt
00:00:13]} Ka6 {[%emt 00:01:06]} 32. Qxf6 {[%emt 00:00:34]} Rb8 {[%clk
00:45:51]} {[%emt 00:00:11]} 33. d5 {[%clk 00:51:58]} {[%emt 00:00:37]} Rc8
{[%clk 00:45:38]} {[%emt 00:00:42]} 34. Re6 {[%clk 00:51:11]} {[%emt 00:01:17]}
Qb4 {[%clk 00:44:52]} {[%emt 00:01:17]} 35. Rxc6+ {[%clk 00:51:05]} {[%emt
00:00:38]} Kb7 {[%clk 00:45:12]} {[%emt 00:00:10]} 36. Rxc8 {[%clk 00:51:11]}
{[%emt 00:00:23]} Kxc8 {[%clk 00:45:34]} {[%emt 00:00:07]} 37. Qc6+ {[%clk
00:51:36]} {[%emt 00:00:06]} Kd8 {[%clk 00:45:46]} {[%emt 00:00:17]} 38. Qxc2
{[%clk 00:50:29]} {[%emt 00:01:36]} Kd7 {[%clk 00:45:52]} {[%emt 00:00:21]} 39.
Rd1 {[%clk 00:49:43]} {[%emt 00:01:19]} Qh4 {[%clk 00:46:00]} {[%emt 00:00:23]}
40. Qc6+ {[%clk 00:50:00]} {[%emt 00:00:13]} Kd8 {[%clk 00:46:19]} {[%emt
00:00:09]} 41. Rf1 {[%clk 00:50:05]} {[%emt 00:00:26]} Qe1+ {[%clk 00:46:06]}
{[%emt 00:00:44]} 42. Kc2 {[%clk 00:50:15]} {[%emt 00:00:19]} Qxf1 {[%clk
00:46:03]} {[%emt 00:00:35]} 43. Qh6 {[%clk 00:49:36]} {[%emt 00:01:08]} Qc4+
{[%clk 00:46:03]} {[%emt 00:00:30]} 44. Kd2 {[%clk 00:48:52]} {[%emt 00:01:15]}
Qxd5+ {[%clk 00:45:58]} {[%emt 00:00:34]} 45. Ke2 {[%clk 00:48:55]} {[%emt
00:00:27]} Qc4+ {[%clk 00:46:07]} {[%emt 00:00:20]} 46. Kf3 {[%clk 00:49:06]}
{[%emt 00:00:21]} Qb3+ {[%clk 00:46:15]} {[%emt 00:00:21]} 47. Qe3 {[%clk
00:49:20]} {[%emt 00:00:15]} Qxb2 {[%clk 00:45:43]} {[%emt 00:01:03]} 48. Qg5+
{[%clk 00:48:41]} {[%emt 00:01:09]} Kd7 {[%clk 00:45:25]} {[%emt 00:00:47]} 49.
Qxa5 {[%clk 00:47:06]} {[%emt 00:02:04]} Qb3+ {[%clk 00:45:22]} {[%emt
00:00:35]} 50. Kg4 {[%clk 00:47:00]} {[%emt 00:00:36]} Qd1+ {[%clk 00:44:40]}
{[%emt 00:01:12]} 51. Kg3 {[%clk 00:45:30]} {[%emt 00:01:59]} Qd3+ {[%clk
00:44:33]} {[%emt 00:00:37]} 52. Kg2 {[%clk 00:45:15]} {[%emt 00:00:45]} Qe4+
{[%clk 00:44:46]} {[%emt 00:00:17]} 53. Kf2 {[%clk 00:44:56]} {[%emt 00:00:48]}
Qd4+ {[%clk 00:45:06]} {[%emt 00:00:09]} 54. Ke2 {[%clk 00:45:00]} {[%emt
00:00:27]} Qg4+ {[%clk 00:45:26]} {[%emt 00:00:10]} 55. Ke1 {[%clk 00:43:35]}
{[%emt 00:01:55]} Qxh3 {[%clk 00:44:58]} {[%emt 00:00:58]} 56. Qd5+ {[%clk
00:43:48]} {[%emt 00:00:16]} Kc8 {[%clk 00:45:03]} {[%emt 00:00:22]} 57. Qg8+
{[%clk 00:44:03]} {[%emt 00:00:19]} Kb7 {[%clk 00:44:54]} {[%emt 00:00:29]} 58.
Qg7+ {[%emt 00:02:16]} Kc8 {[%clk 00:43:58]} {[%emt 00:00:18]} 59. Qf8+ {[%clk
00:43:08]} {[%emt 00:00:58]} Kd7 {[%clk 00:44:08]} {[%emt 00:00:14]} 60. Qf7+
{[%clk 00:43:26]} {[%emt 00:00:17]} Kd8 {[%clk 00:43:05]} {[%emt 00:01:28]} 61.
Qd5+ {[%clk 00:43:39]} {[%emt 00:00:21]} Kc8 {[%clk 00:42:13]} {[%emt
00:01:20]} 62. Qa8+ {[%clk 00:43:46]} {[%emt 00:00:25]} Kc7 {[%clk 00:42:21]}
{[%emt 00:00:20]} 63. Qa5+ {[%clk 00:44:10]} {[%emt 00:00:08]} Kc8 {[%clk
00:42:39]} {[%emt 00:00:11]} 64. Qc5+ {[%clk 00:44:35]} {[%emt 00:00:06]} Kd7
{[%clk 00:42:54]} {[%emt 00:00:13]} 65. Qd5+ {[%clk 00:43:40]} {[%emt
00:01:28]} Kc8 {[%clk 00:43:05]} {[%emt 00:00:16]} 66. Qc6+ {[%clk 00:44:08]}
{[%emt 00:00:04]} Kd8 {[%clk 00:43:11]} {[%emt 00:00:21]} 67. Qf6+ {[%clk
00:44:35]} {[%emt 00:00:06]} Kc8 {[%clk 00:43:23]} {[%emt 00:00:15]} 68. Qf8+
{[%clk 00:45:00]} {[%emt 00:00:08]} Kd7 {[%clk 00:43:40]} {[%emt 00:00:12]} 69.
Qg7+ {[%clk 00:45:24]} {[%emt 00:00:07]} Kc8 {[%clk 00:43:59]} {[%emt
00:00:11]} 70. Qg8+ {[%clk 00:45:37]} {[%emt 00:00:17]} Kd7 {[%clk 00:44:18]}
{[%emt 00:00:08]} 71. Qg7+ {[%clk 00:46:04]} {[%emt 00:00:06]} Kc8 {[%clk
00:44:39]} {[%emt 00:00:09]} 72. Qf8+ {[%clk 00:46:01]} {[%emt 00:00:32]} Kd7
{[%clk 00:45:01]} {[%emt 00:00:09]} 73. Qf7+ {[%clk 00:46:22]} {[%emt
00:00:09]} Kc8 {[%clk 00:45:23]} {[%emt 00:00:07]} 74. Qc4+ {[%clk 00:46:37]}
{[%emt 00:00:16]} Kd7 {[%clk 00:45:30]} {[%emt 00:00:16]} 75. Qf7+ {[%clk
00:47:04]} {[%emt 00:00:10]} Kc8 {[%clk 00:45:53]} {[%emt 00:00:07]} 76. Qg8+
{[%emt 00:00:06]} Kd7 {[%emt 00:00:05]} 77. Qd5+ {[%emt 00:00:05]} Kc8 {[%emt
00:00:07]} 78. Qc6+ {[%clk 00:48:20]} {[%emt 00:00:08]} Kd8 {[%emt 00:00:08]}
79. Qd5+ {[%emt 00:00:12]} Kc8 {[%emt 00:00:11]} 80. Qg8+ {[%emt 00:00:02]} Kd7
{[%clk 00:47:35]} {[%emt 00:00:09]} 81. Qg7+ {[%clk 00:49:25]} {[%emt
00:00:13]} Kc8 {[%clk 00:47:55]} {[%emt 00:00:08]} 82. Qf8+ {[%clk 00:49:51]}
{[%emt 00:00:07]} Kd7 {[%clk 00:47:56]} {[%emt 00:00:27]} 83. Qf7+ {[%clk
00:50:08]} {[%emt 00:00:15]} Kc8 {[%emt 00:00:06]} 84. Qe8+ {[%emt 00:00:06]}
Kc7 {[%emt 00:00:06]} 85. Qe5+ {[%emt 00:00:09]} Kc8 {[%emt 00:00:06]} 86. Qc5+
{[%emt 00:00:05]} Kd7 {[%emt 00:00:10]} 87. Qa7+ {[%emt 00:00:05]} Kc8 {[%emt
00:00:39]} 88. Qc5+ {[%emt 00:00:04]} Kd7 {[%clk 00:49:22]} {[%emt 00:00:16]}
89. Qb5+ {[%clk 00:52:42]} Kc8 {[%emt 00:00:16]} 90. Qa6+ {[%emt 00:00:03]} Kd7
{[%emt 00:00:10]} 91. Qb7+ {[%emt 00:00:07]} Kd8 {[%emt 00:00:16]} 92. Qb8+
{[%emt 00:00:05]} Kd7 {[%emt 00:00:07]} 93. Qa7+ {[%emt 00:00:04]} Kc8 {[%emt
00:00:09]} 94. Qc5+ {[%emt 00:00:02]} Kd7 {[%clk 00:51:16]} {[%emt 00:00:06]}
95. Qd5+ Kc8 {[%emt 00:00:14]} 96. Qa8+ {[%clk 00:55:50]} {[%emt 00:00:07]} Kd7
{[%clk 00:51:48]} {[%emt 00:00:18]} 97. Qb7+ {[%clk 00:55:58]} {[%emt
00:00:23]} Kd8 {[%clk 00:51:57]} {[%emt 00:00:16]} 98. Qd5+ {[%clk 00:56:22]}
{[%emt 00:00:11]} Kc8 {[%clk 00:52:17]} {[%emt 00:00:08]} 99. Qg8+ {[%clk
00:56:49]} {[%emt 00:00:03]} Kd7 {[%clk 00:52:40]} {[%emt 00:00:07]} 100. Qg7+
{[%clk 00:57:12]} {[%emt 00:00:07]} Kc8 {[%emt 00:00:10]} 101. Qf8+ {[%emt
00:00:10]} Kd7 {[%emt 00:00:12]} 102. Qf7+ {[%emt 00:00:04]} Kc8 {[%clk
00:53:34]} {[%emt 00:00:09]} 103. Qc4+ {[%clk 00:58:30]} {[%emt 00:00:04]} Kd7
{[%emt 00:00:08]} 104. Qb5+ {[%emt 00:00:06]} Kc8 {[%emt 00:00:11]} 105. Qc6+
{[%emt 00:00:05]} Kd8 {[%emt 00:00:07]} 106. Qd6+ {[%emt 00:00:06]} Kc8 {[%emt
00:00:05]} 107. Qf8+ {[%emt 00:00:06]} Kd7 {[%emt 00:00:09]} 108. Qg7+ {[%emt
00:00:04]} Kc8 {[%emt 00:00:07]} 109. Qg8+ {[%emt 00:00:06]} Kd7 {[%emt
00:00:27]} 110. Qd5+ {[%emt 00:00:07]} Kc8 {[%emt 00:00:09]} 111. Qc6+ {[%emt
00:00:02]} 1/2-1/2

[Event "DEM U10 2021"]
[Site "Willingen GER"]
[Date "2021.08.23"]
[Round "2"]
[White "Nemitz, Alfred"]
[Black "Wang, Kaiwen"]
[Result "1-0"]
[Termination "normal"]
[Board "2"]
[WhiteElo "1280"]
[BlackElo "1068"]
[WhiteClock "00:52:06"]
[BlackClock "01:05:59"]
[PlyCount "115"]
[WhiteFideId "34601791"]
[BlackFideId "16279514"]
[EventCountry "GER"]
[EventRounds "11"]
[EventType "swiss"]
[EventDate "2021.08.22"]

1. d4 {[%clk 01:15:53]} {[%emt 00:00:07]} d5 {[%clk 01:15:57]} {[%emt
00:00:05]} 2. c4 {[%clk 01:16:18]} {[%emt 00:00:05]} c6 {[%clk 01:16:23]}
{[%emt 00:00:03]} 3. Nf3 {[%clk 01:16:44]} {[%emt 00:00:04]} Nf6 {[%clk
01:16:44]} {[%emt 00:00:09]} 4. Qc2 {[%clk 01:17:03]} {[%emt 00:00:10]} e6
{[%clk 01:16:01]} {[%emt 00:01:14]} 5. Bf4 {[%clk 01:15:12]} {[%emt 00:02:20]}
Bd6 {[%clk 01:14:57]} {[%emt 00:01:35]} 6. Bxd6 {[%clk 01:14:42]} {[%emt
00:00:58]} Qxd6 {[%clk 01:15:15]} {[%emt 00:00:12]} 7. e3 {[%clk 01:14:52]}
{[%emt 00:00:19]} Nbd7 {[%clk 01:14:52]} {[%emt 00:00:55]} 8. Nc3 {[%clk
01:14:38]} {[%emt 00:00:44]} b6 {[%clk 01:13:17]} {[%emt 00:02:06]} 9. Bd3
{[%clk 01:12:22]} {[%emt 00:02:45]} Ba6 {[%clk 01:12:12]} {[%emt 00:01:36]} 10.
b3 {[%clk 01:10:22]} {[%emt 00:02:30]} c5 {[%clk 01:09:05]} {[%emt 00:03:38]}
11. O-O {[%clk 01:04:13]} {[%emt 00:06:37]} O-O {[%clk 01:08:24]} {[%emt
00:01:11]} 12. Rfd1 {[%clk 00:59:43]} {[%emt 00:05:00]} Rac8 {[%clk 01:06:49]}
{[%emt 00:02:05]} 13. Qe2 {[%clk 00:56:44]} {[%emt 00:03:28]} Rc7 {[%clk
01:02:07]} {[%emt 00:05:14]} 14. cxd5 {[%clk 00:56:45]} {[%emt 00:00:29]} Bxd3
{[%clk 01:00:17]} {[%emt 00:02:20]} 15. Qxd3 {[%clk 00:56:29]} {[%emt
00:00:46]} Qe7 {[%clk 01:00:19]} {[%emt 00:00:28]} 16. d6 {[%clk 00:55:52]}
{[%emt 00:01:07]} Qxd6 {[%clk 01:00:30]} {[%emt 00:00:18]} 17. Nb5 {[%clk
00:56:17]} {[%emt 00:00:06]} Qc6 {[%clk 01:00:18]} {[%emt 00:00:43]} 18. Nxc7
{[%clk 00:56:29]} {[%emt 00:00:17]} Qxc7 {[%clk 01:00:44]} {[%emt 00:00:04]}
19. dxc5 {[%clk 00:56:06]} {[%emt 00:00:54]} Nxc5 {[%clk 01:00:55]} {[%emt
00:00:17]} 20. Rac1 {[%clk 00:52:58]} {[%emt 00:03:39]} Qb7 {[%clk 01:00:45]}
{[%emt 00:00:40]} 21. Qb5 {[%clk 00:52:40]} {[%emt 00:00:47]} a6 {[%clk
01:00:49]} {[%emt 00:00:27]} 22. Qc4 {[%clk 00:51:29]} {[%emt 00:01:37]} Nd5
{[%clk 00:59:52]} {[%emt 00:01:30]} 23. b4 {[%clk 00:50:51]} {[%emt 00:01:09]}
Nd7 {[%clk 00:59:48]} {[%emt 00:00:33]} 24. e4 {[%clk 00:50:29]} {[%emt
00:00:52]} Nf4 {[%clk 00:59:14]} {[%emt 00:01:05]} 25. Qc6 {[%clk 00:49:48]}
{[%emt 00:01:11]} Qxc6 {[%clk 00:57:39]} {[%emt 00:02:05]} 26. Rxc6 {[%clk
00:50:14]} {[%emt 00:00:04]} Nf6 {[%clk 00:58:04]} {[%emt 00:00:05]} 27. g3
{[%clk 00:50:10]} {[%emt 00:00:29]} Ng6 {[%clk 00:57:59]} {[%emt 00:00:39]} 28.
Rxb6 {[%clk 00:49:00]} {[%emt 00:01:41]} Nxe4 {[%clk 00:58:20]} {[%emt
00:00:08]} 29. Rxa6 {[%clk 00:49:00]} {[%emt 00:00:29]} Nc3 {[%clk 00:58:27]}
{[%emt 00:00:23]} 30. Rd3 {[%clk 00:48:46]} {[%emt 00:00:44]} Nd5 {[%clk
00:58:26]} {[%emt 00:00:33]} 31. Rda3 {[%clk 00:42:33]} {[%emt 00:06:42]} Nxb4
{[%clk 00:57:51]} {[%emt 00:01:05]} 32. Ra8 {[%clk 00:42:50]} {[%emt 00:00:12]}
Ne7 {[%clk 00:57:58]} {[%emt 00:00:23]} 33. Rxf8+ {[%clk 00:43:10]} {[%emt
00:00:11]} Kxf8 {[%clk 00:58:14]} {[%emt 00:00:14]} 34. Ra8+ {[%clk 00:43:35]}
{[%emt 00:00:04]} Nc8 {[%clk 00:58:36]} {[%emt 00:00:08]} 35. Rxc8+ {[%clk
00:44:01]} {[%emt 00:00:04]} Ke7 {[%clk 00:58:58]} {[%emt 00:00:09]} 36. Rc7+
{[%clk 00:44:26]} {[%emt 00:00:05]} Kf6 {[%clk 00:59:21]} {[%emt 00:00:07]} 37.
a4 {[%clk 00:44:49]} {[%emt 00:00:07]} Nd5 {[%clk 00:59:41]} {[%emt 00:00:10]}
38. Rc5 {[%clk 00:45:00]} {[%emt 00:00:17]} Ke7 {[%clk 00:59:57]} {[%emt
00:00:16]} 39. Rxd5 {[%clk 00:44:57]} {[%emt 00:00:34]} exd5 {[%clk 01:00:16]}
{[%emt 00:00:10]} 40. Ng5 {[%clk 00:45:15]} {[%emt 00:00:11]} d4 {[%clk
01:00:12]} {[%emt 00:00:34]} 41. Kf1 {[%clk 00:45:38]} {[%emt 00:00:07]} Kd6
{[%clk 01:00:33]} {[%emt 00:00:10]} 42. Nxf7+ {[%clk 00:46:01]} {[%emt
00:00:06]} Kc5 {[%clk 01:00:55]} {[%emt 00:00:09]} 43. Ke2 {[%clk 00:46:23]}
{[%emt 00:00:09]} Kb4 {[%clk 01:01:09]} {[%emt 00:00:16]} 44. Kd3 {[%clk
00:46:47]} {[%emt 00:00:05]} Kxa4 {[%clk 01:01:32]} {[%emt 00:00:06]} 45. Kxd4
{[%clk 00:47:12]} {[%emt 00:00:05]} h5 {[%clk 01:01:53]} {[%emt 00:00:10]} 46.
h3 {[%clk 00:47:33]} {[%emt 00:00:08]} Kb5 {[%clk 01:02:14]} {[%emt 00:00:11]}
47. Kd5 {[%clk 00:47:59]} {[%emt 00:00:04]} Kb6 {[%clk 01:02:36]} {[%emt
00:00:09]} 48. Kd6 {[%clk 00:48:23]} {[%emt 00:00:05]} Kb5 {[%clk 01:03:02]}
{[%emt 00:00:05]} 49. g4 {[%clk 00:48:48]} {[%emt 00:00:04]} h4 {[%clk
01:03:16]} {[%emt 00:00:15]} 50. f4 {[%clk 00:49:12]} {[%emt 00:00:06]} Kc4
{[%clk 01:03:42]} {[%emt 00:00:06]} 51. f5 {[%clk 00:49:23]} {[%emt 00:00:18]}
Kd4 {[%clk 01:04:07]} {[%emt 00:00:05]} 52. g5 {[%clk 00:49:48]} {[%emt
00:00:04]} Ke4 {[%clk 01:04:27]} {[%emt 00:00:11]} 53. f6 {[%clk 00:50:14]}
{[%emt 00:00:04]} gxf6 {[%clk 01:04:51]} {[%emt 00:00:06]} 54. g6 {[%clk
00:50:36]} {[%emt 00:00:07]} Kf3 {[%clk 01:05:04]} {[%emt 00:00:17]} 55. g7
{[%clk 00:51:02]} {[%emt 00:00:05]} Kg3 {[%clk 01:05:29]} {[%emt 00:00:05]} 56.
g8=Q+ {[%clk 00:51:16]} {[%emt 00:00:16]} Kxh3 {[%clk 01:05:43]} {[%emt
00:00:15]} 57. Qg1 {[%clk 00:51:40]} {[%emt 00:00:06]} f5 {[%clk 01:05:59]}
{[%emt 00:00:15]} 58. Ng5# {[%clk 00:52:06]} {[%emt 00:00:04]} 1-0

[Event "DEM U10 2021"]
[Site "Willingen GER"]
[Date "2021.08.23"]
[Round "2"]
[White "Radeke, Timothy"]
[Black "Stichter, Constantin"]
[Result "0-1"]
[Termination "normal"]
[Board "3"]
[WhiteElo "1169"]
[BlackElo "1444"]
[WhiteClock "00:32:42"]
[BlackClock "00:28:36"]
[PlyCount "84"]
[WhiteFideId "16289412"]
[BlackFideId "34603140"]
[EventCountry "GER"]
[EventRounds "11"]
[EventType "swiss"]
[EventDate "2021.08.22"]

1. e4 {[%clk 01:15:59]} e6 {[%clk 01:15:57]} {[%emt 00:00:05]} 2. d4 {[%clk
01:16:18]} {[%emt 00:00:10]} d5 {[%clk 01:16:24]} {[%emt 00:00:04]} 3. exd5
{[%clk 01:16:43]} {[%emt 00:00:05]} exd5 {[%clk 01:16:46]} {[%emt 00:00:07]} 4.
c4 {[%clk 01:16:52]} {[%emt 00:00:22]} c6 {[%clk 01:17:02]} {[%emt 00:00:14]}
5. Nc3 {[%clk 01:16:46]} {[%emt 00:00:35]} Bb4 {[%clk 01:17:00]} {[%emt
00:00:32]} 6. Bd3 {[%clk 01:16:18]} {[%emt 00:00:58]} Ne7 {[%clk 01:15:45]}
{[%emt 00:01:44]} 7. Nf3 {[%clk 01:16:38]} {[%emt 00:00:13]} Bg4 {[%clk
01:15:35]} {[%emt 00:00:39]} 8. O-O {[%clk 01:15:36]} {[%emt 00:01:32]} O-O
{[%clk 01:15:28]} {[%emt 00:00:36]} 9. Bxh7+ {[%clk 01:15:44]} {[%emt
00:00:22]} Kh8 {[%clk 01:14:21]} {[%emt 00:01:38]} 10. Bd3 {[%clk 01:15:51]}
{[%emt 00:00:22]} Nd7 {[%clk 01:09:16]} {[%emt 00:05:36]} 11. Bg5 {[%clk
01:14:31]} {[%emt 00:01:48]} f6 {[%emt 00:04:46]} 12. Bf4 {[%clk 01:11:32]}
{[%emt 00:03:27]} g5 {[%clk 01:04:10]} {[%emt 00:01:23]} 13. Bg3 {[%clk
01:11:20]} {[%emt 00:00:43]} Kg7 {[%clk 01:03:53]} {[%emt 00:00:46]} 14. h3
{[%clk 01:11:22]} {[%emt 00:00:27]} Bh5 {[%clk 01:03:50]} {[%emt 00:00:33]} 15.
Bc2 {[%clk 01:11:12]} {[%emt 00:00:40]} Rh8 {[%clk 01:02:13]} {[%emt 00:02:06]}
16. h4 {[%clk 01:05:47]} {[%emt 00:05:56]} Bg4 {[%clk 00:58:05]} {[%emt
00:04:39]} 17. hxg5 {[%clk 01:05:18]} {[%emt 00:00:59]} f5 {[%clk 00:58:11]}
{[%emt 00:00:24]} 18. Qd3 {[%clk 01:03:17]} {[%emt 00:02:31]} Qe8 {[%clk
00:54:32]} {[%emt 00:04:09]} 19. Nh2 {[%clk 00:59:04]} {[%emt 00:04:44]} Bxc3
{[%clk 00:46:28]} {[%emt 00:08:33]} 20. Qxc3 {[%clk 00:56:33]} {[%emt
00:03:02]} Qf7 {[%clk 00:42:31]} {[%emt 00:04:27]} 21. Rfe1 {[%clk 00:55:04]}
{[%emt 00:01:59]} Bh5 {[%clk 00:36:21]} {[%emt 00:06:39]} 22. Be5+ {[%clk
00:54:29]} {[%emt 00:01:06]} Nxe5 {[%clk 00:36:16]} {[%emt 00:00:34]} 23. dxe5
{[%emt 00:00:09]} Qe6 {[%clk 00:36:09]} {[%emt 00:00:36]} 24. f4 {[%clk
00:53:32]} {[%emt 00:01:50]} Bg6 {[%clk 00:35:58]} {[%emt 00:00:41]} 25. Bb3
{[%clk 00:52:31]} {[%emt 00:01:30]} Rad8 {[%clk 00:35:35]} {[%emt 00:00:52]}
26. Nf3 {[%clk 00:51:21]} {[%emt 00:01:41]} dxc4 {[%clk 00:31:17]} {[%emt
00:04:47]} 27. Bxc4 {[%clk 00:51:23]} {[%emt 00:00:28]} Nd5 {[%clk 00:31:34]}
{[%emt 00:00:13]} 28. Nd4 {[%clk 00:50:04]} {[%emt 00:01:50]} Qe7 {[%clk
00:31:00]} {[%emt 00:01:04]} 29. Bxd5 {[%clk 00:50:18]} {[%emt 00:00:15]} Rxd5
{[%clk 00:31:14]} {[%emt 00:00:16]} 30. Qd3 {[%clk 00:49:51]} {[%emt 00:00:57]}
Qc5 {[%clk 00:31:11]} {[%emt 00:00:33]} 31. Red1 {[%clk 00:48:37]} {[%emt
00:01:45]} Rhd8 {[%clk 00:31:07]} {[%emt 00:00:34]} 32. Qc3 {[%clk 00:47:46]}
{[%emt 00:01:21]} Qb6 {[%clk 00:31:10]} {[%emt 00:00:27]} 33. Kf1 {[%clk
00:40:55]} {[%emt 00:07:21]} Rxd4 {[%clk 00:30:32]} {[%emt 00:01:08]} 34. Rxd4
{[%clk 00:38:25]} {[%emt 00:02:59]} Qxd4 {[%clk 00:30:53]} {[%emt 00:00:09]}
35. Qxd4 {[%clk 00:35:23]} {[%emt 00:03:32]} Rxd4 {[%clk 00:31:14]} {[%emt
00:00:09]} 36. g3 {[%clk 00:35:49]} {[%emt 00:00:04]} Rd3 {[%clk 00:30:42]}
{[%emt 00:01:03]} 37. Ke2 {[%clk 00:36:13]} {[%emt 00:00:04]} Rxg3 {[%clk
00:30:48]} {[%emt 00:00:25]} 38. Kf2 {[%clk 00:35:56]} {[%emt 00:00:47]} Rd3
{[%clk 00:31:03]} {[%emt 00:00:14]} 39. b3 {[%clk 00:34:49]} {[%emt 00:01:38]}
Bh5 {[%clk 00:30:44]} {[%emt 00:00:48]} 40. Kg2 {[%clk 00:32:34]} {[%emt
00:02:45]} Kf7 {[%clk 00:27:59]} {[%emt 00:03:17]} 41. Kf2 {[%clk 00:32:40]}
{[%emt 00:00:23]} Rf3+ {[%clk 00:28:14]} {[%emt 00:00:15]} 42. Kg2 {[%clk
00:32:42]} {[%emt 00:00:27]} Rxf4 {[%clk 00:28:36]} {[%emt 00:00:08]} 0-1